Dīwān al-maʻānī /
Main Author:
Format: Book
Language: Arabic
Published:
al-Qāhirah :
Maktabat al-Qudsī,
1352 [1933].
Subjects:
Tags: Add Tag
Call Number: PJ7750 .A8 D5 v.1-2
| LEADER | 00985nam a2200217Ia 4500 | ||
|---|---|---|---|
| 003 | OSt | ||
| 005 | 20231115102453.0 | ||
| 008 | 130303s1933 ua h 000 p ara d | ||
| 952 | |0 0 |1 0 |2 lcc |3 V.1-2 |4 0 |6 PJ7750 A8 D5 V.00001-00002 |7 1 |9 56279 |a ARCE |b ARCE |d 2023-11-15 |l 0 |o PJ7750 .A8 D5 v.1-2 |p 1031925 |r 2023-11-15 00:00:00 |w 2023-11-15 |y BK | ||
| 999 | |c 27590 |d 27590 | ||
| 040 | |c ARCE Library | ||
| 050 | 4 | |a PJ7750 .A8 D5 v.1-2 | |
| 100 | 1 | |6 880-01 |a ʿAskarī, Abū Hilāl al-Ḥasan ibn ʿAbd Allāh, |e author | |
| 245 | 1 | 0 | |6 880-02 |a Dīwān al-maʻānī / |c lil-Imām Abī Hilāl al-ʻAskarī. |
| 264 | 1 | |a al-Qāhirah : |b Maktabat al-Qudsī, |c 1352 [1933]. | |
| 300 | |a 2 volumes in 1 : |b facsimile ; |c 25 cm. | ||
| 650 | 0 | |a Arabic poetry |y 750-1258. | |
| 880 | 1 | |6 100-01/(3/r |a عسكري، أبو هلال الحسن ابن عبد الله | |
| 880 | 1 | 0 | |6 245-02/(3/r |a ديوان المعاني |c للإمام أبي هلال العسكري. |
| 901 | |a reviewed | ||
| 942 | |c BK |2 lcc | ||
